Jeziora Azji - Statystyki

Ogólne statystyki
  • Ten quiz został rozwiązany 84 razy
    64 od ostatniego zresetowania
  • Średni wynik to 4 z 12
Statystyki odpowiedzi
Kraje Jezioro % Poprawnych
Rosja Bajkał
91%
Rosja/Kazachstan/Turkmenistan/Iran/Azerbejdżan Morze Kaspijskie
88%
Kazachstan/Uzbekistan Aralskie
58%
Izrael/Jordania Morze Martwe
52%
Kazachstan(ob. miasta Tałdykorgan) Bałchasz
48%
Turcja Wan
27%
Kirgistan Issyk-kul
21%
Iran Urmia
18%
Chiny(ob. Xining) Kuku-nor
12%
Chiny(ob. Yumen, Anxi, Hami, Turpan, Urumczi) Łob-nor
9%
Kambodża Tonle Sap
9%
Kazachstan(ob. miasta Öskemen) Zajsan
9%
Nie znaleziono quizów pasujących do podanych kryteriów
Rozkład punktacji
Procent ludzi z każdym wynikiem
Percentyl według liczby udzielonych odpowiedzi
Twoja historia wyników
Nie rozwiązałeś tego quizu od ostatniego zresetowania